| 000 | 00655nam a2200217 a 4500 | ||
|---|---|---|---|
| 005 | 20230602063731.0 | ||
| 008 | 050621s1997 000 eng d | ||
| 020 | _a9682707005 | ||
| 035 | _aUPN01000140218 | ||
| 049 | _aCG | ||
| 050 | 4 |
_aPQ7298.19 B3 _bI3.3 |
|
| 100 | 1 |
_aIbargüengoitia, Jorge, _d1928-1983 |
|
| 245 | 1 | 0 |
_aIdeas en venta / _cJorge Ibargüengoitia ; comp. Aline Davidoff. |
| 260 |
_aMéxico : _bJ. Mortiz, _c1997. |
||
| 300 | _a364 p. | ||
| 440 | 0 | _aObras de Jorge Ibargüengoitia | |
| 650 | 4 |
_aNovela mexicana _94557 |
|
| 650 | 4 |
_aLiteratura mexicana _ySiglo XX _95344 |
|
| 650 | 4 |
_aMEXICO EN LA LITERATURA _99893 |
|
| 905 | _aLibro | ||
| 999 |
_c112366 _d112366 |
||